| 000 | 01008nas a2200301 4500 | ||
|---|---|---|---|
| 001 | BR2012000820 | ||
| 003 | BR-BrBNA | ||
| 005 | 20231205120117.0 | ||
| 007 | ta | ||
| 008 | 230509b bl.|||p| |||| 00| 00por d | ||
| 040 |
_aBR-BrBNA _bpor _cBiblioteca Nacional de Agricultura |
||
| 041 | _a(Pt) | ||
| 072 | _aQ04; Q02 | ||
| 100 | 1 | _aNobre, G.W. | |
| 100 | 1 | _aBorém, F.M. | |
| 100 | 1 | _aIsquierdo, E.P. | |
| 100 | 1 | _aPereira, R.G.F.A. | |
| 100 | 1 | _aOliveira, P.D. de | |
| 245 | 1 | _aComposição química de frutos imaturos de café arábica (Coffea arabica L.)processados por via seca e via úmida | |
| 246 | 1 | _aChemical composition of unripe arabic coffee (Coffea arabica L.)processed under dry and wet conditions | |
| 650 | _aCAFÉ | ||
| 650 | _aPROCESSAMENTO | ||
| 650 | _aCOFFEA ARABICA | ||
| 650 | _aQUALIDADE | ||
| 773 | 0 |
_tCoffee Science (Brazil) _xISSN 1809-6875 _g(May-Aug 2011), v. 6(2) p. 107-113 _wBR2012000820 |
|
| 909 |
_a202311 _bLúcia _c55 _dLúcia Elande |
||
| 942 |
_2AGRIS _n0 _cANA |
||
| 999 |
_c217093 _d217093 |
||